000 00588pab a2200205 454500
008 180718b2008 xxu||||| |||| 00| 0 eng d
100 _aBaumgartner, Jody C.
245 _aA clash of civilizations? The influence of religion on public opinion of US foreign policy in the Middle East
260 _c2008
300 _ap.171-79.
362 _aJun
650 _aPublic opinion
650 _aReligion
650 _aInternational relations
700 _aMorris, Jonathan S.
700 _aFrancia, Petel L.
773 _aPolitical Research Quarterly
908 _aN
909 _a78861
999 _c78861
_d78861